Larson's new book of cults / (Record no. 1815)
[ view plain ]
| 000 -LEADER | |
|---|---|
| fixed length control field | 03307cam a2200337 a 4500 |
| 001 - CONTROL NUMBER | |
| control field | 21044546 |
| 003 - CONTROL NUMBER IDENTIFIER | |
| control field | OCoLC |
| 005 - DATE AND TIME OF LATEST TRANSACTION | |
| control field | 20180921102337.0 |
| 008 - FIXED-LENGTH DATA ELEMENTS--GENERAL INFORMATION | |
| fixed length control field | 890605s1989 ilu b 001 0 eng |
| 010 ## - LIBRARY OF CONGRESS CONTROL NUMBER | |
| LC control number | 89050922 |
| 020 ## - INTERNATIONAL STANDARD BOOK NUMBER | |
| Canceled/invalid ISBN | 0842326622 |
| Terms of availability | (cloth) |
| 020 ## - INTERNATIONAL STANDARD BOOK NUMBER | |
| Canceled/invalid ISBN | 0842328602 |
| Terms of availability | (paper) |
| 040 ## - CATALOGING SOURCE | |
| Original cataloging agency | DLC |
| Transcribing agency | DLC |
| Modifying agency | UUC |
| -- | OUN |
| 050 00 - LIBRARY OF CONGRESS CALL NUMBER | |
| Classification number | BP603 |
| Item number | .L377 1989 |
| 082 ## - DEWEY DECIMAL CLASSIFICATION NUMBER | |
| Classification number | 291 |
| Item number | L334L |
| 100 1# - MAIN ENTRY--PERSONAL NAME | |
| Personal name | Larson, Bob, |
| Dates associated with a name | 1944- |
| 245 10 - TITLE STATEMENT | |
| Title | Larson's new book of cults / |
| Statement of responsibility, etc. | Bob Larson |
| 246 30 - VARYING FORM OF TITLE | |
| Title proper/short title | New book of cults |
| 250 ## - EDITION STATEMENT | |
| Edition statement | Rev. ed |
| 260 ## - PUBLICATION, DISTRIBUTION, ETC. | |
| Place of publication, distribution, etc. | Wheaton, Ill. : |
| Name of publisher, distributor, etc. | Tyndale House, |
| Date of publication, distribution, etc. | c1989 |
| 300 ## - PHYSICAL DESCRIPTION | |
| Extent | 499 p. ; |
| Dimensions | 21 cm |
| 500 ## - GENERAL NOTE | |
| General note | Rev. ed. of Book of cults. c1982 |
| 504 ## - BIBLIOGRAPHY, ETC. NOTE | |
| Bibliography, etc. note | Includes bibliographical references (p. 481-487) and index |
| 505 1# - FORMATTED CONTENTS NOTE | |
| Formatted contents note | Aetherius Society -- American Indian religions -- Ananda Marga Yoga Society -- Anthroposophical Society -- Arica Institute -- Asatru Free Assembly (Norse Neopaganism) -- Ascended Masters -- Assemblies of Yahweh -- Association for Research and Enlightenment (Edgar Cayce) -- Astara -- Astrology -- Bahaism -- Black magic -- Branhamism -- Children of love (Family of love) -- Christian Science -- Church of Armageddon (Love Family) -- Church of Bible Understanding (Forever Family) -- Church of the Living Word -- Church Universal and Triumphant -- Terry Cole-Whittaker -- Course in Miracles -- Crowleyism --Da Free John -- Divine Light Mission (Guru Maharaj Ji) -- ECKANKAR -- Esalen Institute -- est -- The Farm -- Findhorn Foundation -- Foundation Faith of God (Foundation Faith of the Millennium)-- |
| 505 1# - FORMATTED CONTENTS NOTE | |
| Formatted contents note | Foundation of Human Understanding (Roy Masters) -- Freemasonry -- Himalayan International Institute of Yoga Scoence and Philosophy (Swami Rami) -- Holism -- Holy Alamo Christian Church, Consecrated (Tony Alamo) -- Holy Order of MANS -- Human Potential Movement -- I AM Institute of Applied Metaphysics -- International Community of Christ / The Jamilians -- International Society of Krishna Consciousness (Hare Krishna) -- Jehovah's Witnesses -- Kirpal Light Satsung -- Krishnamurti Foundation of America -- Ku Klux Klan -- Life Training -- Lifespring -- Macumba -- Charles Manson cult -- Martial arts -- Mind Sciences -- Mormonism -- Muktananda Paramahansa (Shree Gurudev Siddha Yoga Ashram) -- Neo-Gnosticism -- New Age cults -- Nichiren Soshu / Soka Gakkai -- Nostradamus -- Penitentes -- |
| 505 1# - FORMATTED CONTENTS NOTE | |
| Formatted contents note | Ram Dass -- Rastafarianism -- Reorganized Church of Jesus Christ of Latter-Day Saints -- Rev. Ike -- Rosicrucianism -- Sathya Sai Baba -- Scientology -- Self-Realization Fellowship (Paramahansa Yogananda) -- Shree Rajneesh -- Sikh Foundation / 3HO Foundation (Yogi Bhajan) -- Silva Mind Control -- Snake handlers -- Spiritualism / Spiritism -- Sri Chinmoy -- Swami Kriyananda -- Subud/Renaissance (George Gurdjieff) -- Sufism Reoriented (Meher Baba) -- Swedenborgism -- Theosophy -- Trance channeling -- Transcendental meditation -- UFO's -- Unification Church (Rev. Sun Myung Moon) -- Unitarian Universalist Association -- Unity School of Christianity -- Urantia -- Vedanta Society (Swami Vivekananda) -- Voodoo / Santeria -- Witchcraft -- Worldwide Church of God (Armstronganism) -- Yoga |
| 650 #0 - SUBJECT ADDED ENTRY--TOPICAL TERM | |
| Topical term or geographic name entry element | Cults |
| 700 1# - ADDED ENTRY--PERSONAL NAME | |
| Personal name | Larson, Bob, |
| Dates associated with a name | 1944- |
| Title of a work | Book of cults |
| 942 ## - ADDED ENTRY ELEMENTS (KOHA) | |
| Source of classification or shelving scheme | Dewey Decimal Classification |
| Koha item type | Books |
| Withdrawn status | Lost status | Source of classification or shelving scheme | Damaged status | Not for loan | Collection code | Home library | Current library | Shelving location | Date acquired | Cost, normal purchase price | Total Checkouts | Full call number | Barcode | Date last seen | Price effective from | Koha item type |
|---|---|---|---|---|---|---|---|---|---|---|---|---|---|---|---|---|
| Dewey Decimal Classification | Non-fiction | Harvest Mission College | Harvest Mission College | General Stacks | 21.09.2018 | 520.00 | 291 L334L | 000335 | 21.09.2018 | 21.09.2018 | Books | |||||
| Dewey Decimal Classification | Non-fiction | Harvest Mission College | Harvest Mission College | General Stacks | 22.11.2018 | 460.00 | 291 L334L | 004352 | 22.11.2018 | 22.11.2018 | Books | |||||
| Dewey Decimal Classification | Non-fiction | Harvest Mission College | Harvest Mission College | General Stacks | 09.03.2020 | 291 L334L | 010346 | 09.03.2020 | 09.03.2020 | Books | ||||||
| Dewey Decimal Classification | Harvest Mission College | Harvest Mission College | General Stacks | 08.04.2026 | 291 L334L | 013413 | 08.04.2026 | 08.04.2026 | Books |
